| 000 | 00432nam a2200181Ia 4500 | ||
|---|---|---|---|
| 001 | 10462 | ||
| 005 | 20260306161834.0 | ||
| 008 | 260306t1991||||xx |||||||||||||| ||spa|| | ||
| 041 | _aESP | ||
| 082 |
_a930.09 _bF54B |
||
| 100 |
_aFisas, Carlos _eAUT |
||
| 245 | 0 |
_aHistorias de la historia: _bQuinta serie |
|
| 260 | _c1991 | ||
| 300 |
_a201 páginas : _c21 cm. |
||
| 650 | _aGEN | ||
| 654 | _aCHU | ||
| 942 |
_cLIB _dJUS _fJUS _2ddc _n |
||
| 999 |
_c10462 _d10462 |
||